O cinema italiano do após-guerra e o neo-realismo (Registo nº 200683)

Detalhes MARC
000 -Etiqueta do registo
Valores 00563nam 22001813 4500
100 ## - Dados gerais de processamento
Dados gerais 20260223d u||y0pory50 ba
200 ## - Titulo e menção de responsabilidade
Título próprio O cinema italiano do após-guerra e o neo-realismo
Primeira menção de responsabilidade Manuel de Azevedo
210 ## - Publicação
Local de publicação [Lisboa]
Nome do editor Contraponto
Data de publicação imp. 1957
215 ## - Descrição física 
Paginação / Volumes 168 p.
Outras indicações físicas il. ; brochado
Dimensões 20 cm
225 ## - Colecção 
Título próprio da colecção Divulgação Cinematográfica
Indicação de volume 2
606 ## - Nome comum usado como assunto
Palavra de ordem Cinema. Filmes
ID Autoridade 16666
675 ## - CDU
Notação 791.43(45).036
Edição PT
Língua por
700 ## - Autor principal (pessoa individual)
ID Autoridade 16445
Apelido Azevedo
Nome Manuel de
Datas 1916-1984
801 ## - Fonte de origem
País PT
Agência BMMN
Regras de catalogação RPC
830 ## - Notas gerais do catalogador
Criado por Ana
Indexado por Ana
990 ## - Elementos KOHA
Tipo de documento Livro
Exemplares
Situação do levantamento Biblioteca de origem Código de barras Cota Permissão de empréstimo Tipo de documento Nota relativa ao exemplar Forma de aquisição
  Biblioteca Municipal de Montemor-o-Novo 29914 791.43 AZE|SAF   Livro Acesso condicionado Oferta

Powered by Koha